Séta a XII. Szegedi Ipari Vásáron

Elmentve itt :
Bibliográfiai részletek
Dokumentumtípus: Cikk
Megjelent: 1940-06-02
Sorozat:Délmagyarország 16 No. 123
Kulcsszavak:Ipari Vásár
Online Access:http://dmarchiv.bibl.u-szeged.hu/50670
LEADER 00407nab a2200145 i 4500
001 delm50670
005 20180927134821.0
008 180927s1940 hu o 0|| hun d
040 |a SZTE Délmagyarország Archívum  |b hun 
041 |a hun 
245 0 0 |a Séta a XII. Szegedi Ipari Vásáron  |h [elektronikus dokumentum] 
260 |c 1940-06-02 
300 |a 4-5 
490 0 |a Délmagyarország  |v 16 No. 123 
695 |a Ipari Vásár